Electric machines /by (Record no. 20603)

MARC details
000 -LEADER
fixed length control field 00545nam a22001937a 4500
008 - FIXED-LENGTH DATA ELEMENTS--GENERAL INFORMATION
fixed length control field 250203b |||||||| |||| 00| 0 eng d
020 ## - INTERNATIONAL STANDARD BOOK NUMBER
International Standard Book Number 9789352606405
040 ## - CATALOGING SOURCE
Original cataloging agency KABU
Transcribing agency KABU
050 ## - LIBRARY OF CONGRESS CALL NUMBER
Classification number TK2181
Item number .K68
100 ## - MAIN ENTRY--PERSONAL NAME
Personal name Kothari, D. P.
245 ## - TITLE STATEMENT
Title Electric machines /by
Statement of responsibility, etc. D.P. Kothari & I.J Nagrath
250 ## - EDITION STATEMENT
Edition statement 5th ed.
260 ## - PUBLICATION, DISTRIBUTION, ETC. (IMPRINT)
Place of publication, distribution, etc. Tamil Nadu, India:
Name of publisher, distributor, etc. McGraw Hill Education
Date of publication, distribution, etc. 2018
300 ## - PHYSICAL DESCRIPTION
Extent xx, 975p.
Other physical details ill. Includes index
650 ## - SUBJECT ADDED ENTRY--TOPICAL TERM
Topical term or geographic name as entry element Automatic control
650 ## - SUBJECT ADDED ENTRY--TOPICAL TERM
Topical term or geographic name as entry element Control theory
700 ## - ADDED ENTRY--PERSONAL NAME
Personal name Nagrath, I.J.
942 ## - ADDED ENTRY ELEMENTS (KOHA)
Source of classification or shelving scheme Library of Congress Classification
Koha item type General Collection
Holdings
Withdrawn status Lost status Source of classification or shelving scheme Not for loan Home library Current library Shelving location Date acquired Cost, normal purchase price Inventory number Total Checkouts Full call number Barcode Date last seen Copy number Price effective from Koha item type
    Library of Congress Classification   Kabarak, Nakuru City Campus Kabarak, Nakuru City Campus General Stacks 03/02/2025 13860.00 2025/2063   TK2181 .K68 2018 C.1 33465 03/02/2025 C.1 03/02/2025 General Collection
    Library of Congress Classification   Kabarak, Nakuru City Campus Kabarak, Nakuru City Campus General Stacks 03/02/2025 13860.00 2025/2062   TK2181 .K68 2018 C.2 33466 03/02/2025 C.2 03/02/2025 General Collection
Designed with assistance from East African Informatics Ltd